000 00606nam a2200217 i 4500
001 bg
100 1 _aMARZECKI, Jerzy
245 1 0 _aRozdzielcze sieci elektroenergetyczne :
_bzagadnienia wybrane /
_cJerzy Marzecki.
260 _aWarszawa :
_bWydaw. Naukowe PWN,
_c2001.
300 _a212 s. :
_bil. ;
_c24 cm.
504 _aBibliogr.
650 9 _aRozdzielnie elektroenergetyczne
655 _aPodręczniki akademickie
020 _a8301134461
040 _cBPK
041 0 _apl
080 _a621.31(075.8)
920 _a83-01-13446-1
942 _cKS
008 s pl f |000 0 pol
999 _c40698
_d40698
856 _uhttp://koha.tu.koszalin.pl/cgi-bin/koha/opac-detail.pl?biblionumber=40698
_yKatalog online BPK